|
|
|
|
| LEADER |
00000cam a2200000 7i4500 |
| 001 |
0000075508 |
| 005 |
20180222.0 |
| 008 |
170920 |
| 020 |
|
|
|a 9789673085408
|
| 041 |
0 |
|
|a Malay
|
| 090 |
0 |
0 |
|a 297.44
|b ELB
|
| 100 |
0 |
|
|a El-Batnani, Lutpi Mustafa
|
| 245 |
0 |
0 |
|a Program uzlah dalam kehidupan muslim
|c Lutpi Mustafa el-Batnani
|
| 260 |
|
|
|a Johor Bahru :
|b Perniagaan Jahabersa ,
|c 2015
|
| 300 |
|
|
|a 214p. ;
|c 24.7 cm.
|
| 541 |
0 |
0 |
|c Purchased on 2017
|
| 650 |
|
0 |
|a Islamic religious practice
|
| 650 |
|
0 |
|a religious life
|x islam
|
| 999 |
|
|
|a 0001469811
|b Book
|c Adult Collection
|e Cawangan Kota Tinggi
|
| 999 |
|
|
|a 0001469812
|b Book
|c Adult Collection
|e Cawangan Pontian
|
| 999 |
|
|
|a 0001469813
|b Book
|c Adult Collection
|e Cawangan Tmn. Ungku Tun Aminah
|
| 999 |
|
|
|a 0001469814
|b Book
|c Adult Collection
|e Cawangan Bandar Tenggara
|
| 999 |
|
|
|a 0001469815
|b Book
|c Adult Collection
|e Cawangan Segamat
|
| 999 |
|
|
|a 0001469816
|b Book
|c Adult Collection
|e Cawangan Mersing
|
| 999 |
|
|
|a 0001469817
|b Book
|c Adult Collection
|e Cawangan Muar
|
| 999 |
|
|
|a 0001469818
|b Book
|c Adult Collection
|e Cawangan Sri Merlong
|
| 999 |
|
|
|a 0001469819
|b Book
|c Adult Collection
|e Cawangan Taman Sri Lambak
|
| 999 |
|
|
|a 0001469820
|b Book
|c Adult Collection
|e Cawangan Batu Pahat
|
| 999 |
|
|
|a 0001469821
|b Book
|c Adult Collection
|e Cawangan Bandar Penawar
|
| 999 |
|
|
|a 0001469822
|b Book
|c Adult Collection
|e Cawangan Tangkak
|
| 999 |
|
|
|a 0001469823
|b Book
|c Adult Collection
|e Cawangan Bukit Gambir
|
| 999 |
|
|
|a 0001473850
|b Book
|c Adult Collection
|e Perbadanan Perpustakaan Awam Johor
|